| 000 | 01122nam a2200277 i 4500 | ||
|---|---|---|---|
| 001 | bg | ||
| 100 | 1 | _aŁYSAKOWSKA, Maria | |
| 245 | 1 | 0 |
_aObliczenia z chemii fizycznej z elementami teorii / _cMaria Łysakowska, Wanda Jagiełło-Puczka, Janina Ujma. |
| 260 |
_aCzęstochowa : _bWydaw. WIPMiFS PC, _c2001. |
||
| 300 |
_a196 s., [3] k.tabl. : _brys. ; _c24 cm. |
||
| 490 | 1 |
_aPrace Dydaktyczne Wydziału Metalurgii i Inżynierii Materiałowej / Politechnika Częstochowska. Metalurgia ; _vnr 24 |
|
| 500 | _aNa s. tyt. odmienny tyt. serii: Prace Dydaktyczne. Wydział Inżynierii Procesowej, Materiałowej i Fizyki Stosowanej - Streszcz. | ||
| 504 | _aBibliogr. | ||
| 650 | 9 | _aChemia fizyczna | |
| 655 | _aPodręczniki akademickie | ||
| 700 | 1 | _aJAGIEŁŁO-PUCZKA, Wanda | |
| 700 | 1 | _aUJMA, Janina | |
| 830 | 0 |
_aPrace Dydaktyczne Wydziału Metalurgii i Inżynierii Materiałowej (Politechnika Częstochowska). _pMetalurgia ; _vnr 24 |
|
| 020 | _a8387745464 | ||
| 040 | _cBPK | ||
| 041 | 0 | _apl | |
| 080 | _a544(075.8) | ||
| 920 | _a83-87745-46-4 | ||
| 942 | _cKS | ||
| 008 | s pl f |000 0 pol | ||
| 999 |
_c42170 _d42170 |
||
| 856 |
_uhttp://koha.tu.koszalin.pl/cgi-bin/koha/opac-detail.pl?biblionumber=42170 _yKatalog online BPK |
||